La Vila de Sentmenat vista per un poeta i un pintor / Frederic Alonso i Orfila, Jordi Roca
ISBN:
84-300-9361-3
Publicado:
Sentmenat :
Ajuntament de Sentmenat. Serveis de Cultura : Comissió del Mil·lenari de Sentmenat ,
1983
Descripción Física:
101 p. : il.; 31 cm
MARC
| LEADER | 00000nam a2200000Ia 4500 | ||
|---|---|---|---|
| 001 | 22952 | ||
| 008 | 160829s1983 xx 000 0 cat d | ||
| 020 | |a 84-300-9361-3 | ||
| 080 | |a FOL-3-93 | ||
| 100 | |a Alfonso i Orfila, Frederic |9 25829 | ||
| 245 | |a La Vila de Sentmenat vista per un poeta i un pintor / Frederic Alonso i Orfila, Jordi Roca | ||
| 260 | |a Sentmenat : |b Ajuntament de Sentmenat. Serveis de Cultura : |b Comissió del Mil·lenari de Sentmenat, |c 1983 | ||
| 300 | |a 101 p. : |b il.; |c 31 cm | ||
| 590 | |a Inclou dedicatòria i signatura sense identificar. | ||
| 650 | |a Sentmenat |x En la literatura |9 43943 | ||
| 650 | |a Sentmenat |x Història |9 33363 | ||
| 650 | |a Monuments |9 43944 | ||
| 700 | |a Roca, Jordi |9 43945 | ||
| 700 | |a Sentmenat. Serveis de Cultura |9 43946 | ||
| 700 | |a Comissió del Mil·lenari de Sentmenat |9 43947 | ||
| 901 | |a Arxiu | ||
| 942 | |n 1 | ||
| 952 | |0 0 |1 0 |4 0 |6 FOL393 |7 1 |9 51695 |a Arxiu |b Arxiu |d 2016-12-01 |l 0 |o FOL-3-93 |p 22952 |r 2016-12-01 00:00:00 |w 2016-12-01 |y ARXIU | ||
| 999 | |c 55540 |d 55540 | ||